| 000 | 00651nam a22001817a 4500 | ||
|---|---|---|---|
| 999 |
_c8425 _d8425 |
||
| 003 | AR-CdUCM | ||
| 008 | 190325b ||||| |||| 00| 0 spa d | ||
| 040 |
_aMUNICIPALIDAD PROVINCIAL DEL CUSCO _cBIBLIOTECA MUNICIPAL DEL CUSCO |
||
| 082 |
_a330.122 / _bJ15 _22ed. |
||
| 100 |
_aJaguande D'Anjoy, Alfonso _98733 |
||
| 245 |
_aMiseria del neoliberalismo : _bcontribución a una lucha frontal contra sus postulados filosóficos / |
||
| 260 |
_aLima : _bGrafica retai, _c2007. |
||
| 300 |
_a45 páginas ; _c21 cm. |
||
| 505 | _aIntroducción -- El neoliberalismo y su miseria ... | ||
| 650 |
_aNeoliberalismo _913897 |
||
| 942 |
_2ddc _cLIBROS |
||
| 945 | _aacv | ||